[Event "Pune op U1800 11th"]
[Site "Pune"]
[Date "2024.05.25"]
[Round "6"]
[White "Dinesh Kumar, H."]
[Black "Shibin, K Benny"]
[Result "1-0"]
[WhiteElo "1505"]
[BlackElo "1692"]
[PlyCount "77"]
[EventDate "2024.05.24"]
[EventType "swiss"]
[EventRounds "9"]
[EventCountry "IND"]
[SourceTitle "CBM 220 Extra"]
[Source "ChessBase"]
[SourceDate "2024.07.31"]
[SourceVersion "1"]
[SourceVersionDate "2024.07.31"]
[SourceQuality "1"]

1. d4 f5 2. e4 fxe4 3. Nc3 Nf6 4. Bg5 Nc6 5. f3 exf3 6. Nxf3 d5 7. Qd3 g6 8. Bxf6 exf6 9. Qb5 Bb4 10. Be2 0-0 11. 0-0 Bxc3 12. bxc3 a6 13. Qb2 Rb8 14. c4 Be6 15. cxd5 Bxd5 16. Rad1 b5 17. c3 Na5 18. Nd2 Qd6 19. Rde1 Rfe8 20. Bf3 Bxf3 21. Nxf3 Re7 22. Rxe7 Qxe7 23. Re1 Qd7 24. Qa3 Nc4 25. Qxa6 Kf7 26. a4 c6 27. axb5 cxb5 28. h3 Re8 29. Rf1 Kg7 30. Rb1 Nd6 31. d5 Rc8 32. Nd4 Rxc3 33. Nxb5 Nxb5 34. Rxb5 Rc1+ 35. Kh2 Rc7 36. d6 Ra7 37. Qb6 Kf7 38. Rc5 Rb7 39. Qxb7 1-0